000 00491nam a22001937a 4500
005 20251114110000.0
008 251114b |||||||| |||| 00| 0 eng d
020 _a8171111001
040 _cILCL
041 _2eng
_aeng
084 _aZ2,5 R5.1
100 _aGour, Hari Singh
_9851376
245 _aCommentaries on the Bharatiya Nyaya Sanhita,2023
250 _a1
260 _aPrayagraj
_bLaw Publishers (India)
_c2025
300 _adxii,1018p.
490 _v1
942 _2CC
_cTB
999 _c1465386
_d1465386